[Event "Sachsen-Anhalt-ch op"]
[Site "Magdeburg"]
[Date "2022.10.29"]
[Round "2"]
[White "Stepanjan, Emma"]
[Black "Schlange, Jonathan"]
[Result "0-1"]
[WhiteElo "1024"]
[BlackElo "1319"]
[PlyCount "76"]
[EventDate "2022.10.29"]
[EventType "swiss"]
[EventRounds "7"]
[EventCountry "GER"]
[SourceTitle "CBM 211 Extra"]
[Source "ChessBase"]
[SourceDate "2023.01.31"]
[SourceVersion "1"]
[SourceVersionDate "2023.01.31"]
[SourceQuality "1"]

1. e4 e6 2. d4 d5 3. Nc3 Nf6 4. e5 Nfd7 5. Nf3 c5 6. Bd3 Nc6 7. Be2 Qb6 8. Na4 Qa5+ 9. c3 b5 10. b4 Qxa4 11. Qxa4 bxa4 12. Bb5 Bb7 13. Bxa4 cxb4 14. Rb1 Rb8 15. Bd2 a5 16. 0-0 Be7 17. a3 bxa3 18. Bxc6 Bxc6 19. Rxb8+ Nxb8 20. Rb1 0-0 21. Bc1 Nd7 22. Ne1 Rb8 23. Ra1 a4 24. Nc2 a2 25. Rxa2 Rb1 26. Ra1 Rxa1 27. Nxa1 Nb6 28. Kf1 Nc4 29. Ke1 a3 30. Ke2 Ba4 31. f4 h5 32. h3 Kh7 33. g4 Kg6 34. Kf3 hxg4+ 35. hxg4 f6 36. f5+ exf5 37. e6 Bd1+ 38. Kf4 Bd6# 0-1

[Event "GER Pfingstopen U12"]
[Site "Playchess.com INT"]
[Date "2020.06.02"]
[Round "8"]
[White "Margaryan, Venera"]
[Black "Schlange, Jonathan"]
[Result "1-0"]
[WhiteElo "1516"]
[BlackElo "1620"]
[PlyCount "47"]
[EventDate "2020.06.02"]
[EventType "swiss (blitz)"]
[EventRounds "11"]
[EventCountry "GER"]
[SourceTitle "CBM 197 Extra"]
[Source "ChessBase"]
[SourceDate "2020.09.30"]
[SourceVersion "1"]
[SourceVersionDate "2020.09.30"]
[SourceQuality "1"]

1. d4 d5 2. c4 e6 3. Nc3 Bb4 4. cxd5 exd5 5. Bd2 Nc6 6. e3 Nf6 7. Bd3 Bxc3 8. Bxc3 0-0 9. Ne2 Ne7 10. Nf4 b6 11. Qc2 Bb7 12. 0-0 Rc8 13. Qe2 c5 14. Bc2 Re8 15. dxc5 bxc5 16. Bxf6 gxf6 17. Qg4+ Ng6 18. h4 Kh8 19. Qh5 Qb6 20. Nxg6+ fxg6 21. Bxg6 Re7 22. b3 Rg8 23. Bf5 Re5 24. Qxh7# 1-0

[Event "GER Pfingstopen U12"]
[Site "Playchess.com INT"]
[Date "2020.06.02"]
[Round "3"]
[White "Robelly, David"]
[Black "Schlange, Jonathan"]
[Result "0-1"]
[WhiteElo "1204"]
[BlackElo "1620"]
[PlyCount "30"]
[EventDate "2020.06.02"]
[EventType "swiss (blitz)"]
[EventRounds "11"]
[EventCountry "GER"]
[SourceTitle "CBM 197 Extra"]
[Source "ChessBase"]
[SourceDate "2020.09.30"]
[SourceVersion "1"]
[SourceVersionDate "2020.09.30"]
[SourceQuality "1"]

1. Nc3 e5 2. d4 d6 3. dxe5 dxe5 4. Qxd8+ Kxd8 5. Bd2 Nc6 6. 0-0-0 Bd7 7. e3 Nf6 8. Bb5 Bd6 9. Nf3 Ke7 10. e4 a6 11. Bg5 axb5 12. Nd5+ Kf8 13. Nxf6 gxf6 14. Bxf6 Rg8 15. g3 Rg6 0-1

[Event "GER Pfingstopen U12"]
[Site "Playchess.com INT"]
[Date "2020.06.02"]
[Round "7"]
[White "Schlange, Jonathan"]
[Black "Radeke, Timothy"]
[Result "1-0"]
[WhiteElo "1620"]
[BlackElo "1494"]
[PlyCount "63"]
[EventDate "2020.06.02"]
[EventType "swiss (blitz)"]
[EventRounds "11"]
[EventCountry "GER"]
[SourceTitle "CBM 197 Extra"]
[Source "ChessBase"]
[SourceDate "2020.09.30"]
[SourceVersion "1"]
[SourceVersionDate "2020.09.30"]
[SourceQuality "1"]

1. e4 c5 2. Nf3 d6 3. d4 cxd4 4. Nxd4 Nf6 5. Nc3 g6 6. Bc4 Bg7 7. Be3 Ng4 8. Bd2 Bxd4 9. f3 Nf2 10. Qe2 Nxh1 11. Nb5 Bxb2 12. Rb1 Bg7 13. Qf1 0-0 14. Qxh1 Nc6 15. h4 Ne5 16. Bd5 h6 17. f4 Ng4 18. h5 Kh8 19. hxg6 fxg6 20. Bc4 Qb6 21. Be2 Qf2+ 22. Kd1 Bd7 23. Nc7 Rac8 24. Nd5 h5 25. Nxe7 Rce8 26. Nxg6+ Kg8 27. Nxf8 Rxf8 28. Qxh5 Ne3+ 29. Bxe3 Qxe3 30. Bc4+ Rf7 31. Qxf7+ Kh8 32. Qg8# 1-0

[Event "GER-chT U10"]
[Site "Magdeburg"]
[Date "2019.12.28"]
[Round "3.1"]
[White "Schlange, Jonathan"]
[Black "Ermitsch, Magnus"]
[Result "0-1"]
[WhiteElo "1319"]
[BlackElo "1887"]
[PlyCount "33"]
[EventDate "2019.12.27"]
[EventType "team-swiss"]
[EventRounds "7"]
[EventCountry "GER"]
[SourceTitle "CBM 194 Extra"]
[Source "ChessBase"]
[SourceDate "2020.03.31"]
[SourceVersion "1"]
[SourceVersionDate "2020.03.31"]
[SourceQuality "1"]
[WhiteTeam "Magdeburg Schachzwerge"]
[BlackTeam "Lichtenberg Borussia"]
[WhiteTeamCountry "GER"]
[BlackTeamCountry "GER"]

1. e4 c5 2. Nf3 e6 3. d4 cxd4 4. Nxd4 Nc6 5. Nc3 Qc7 6. Be3 Nf6 7. f3 a6 8. Qd2 Be7 9. g4 b5 10. h4 Nxd4 11. Bxd4 Bb7 12. Rh3 d5 13. e5 Nd7 14. f4 Rc8 15. Bd3 Nb6 16. g5 Nc4 17. Bxc4 0-1

[Event "GER-ch U10"]
[Site "Willingen"]
[Date "2019.06.10"]
[Round "3"]
[White "Muehlbauer, Adrian"]
[Black "Schlange, Jonathan"]
[Result "0-1"]
[WhiteElo "1193"]
[BlackElo "1488"]
[PlyCount "86"]
[EventDate "2019.06.08"]
[EventType "swiss"]
[EventRounds "11"]
[EventCountry "GER"]
[SourceTitle "CBM 191 Extra"]
[Source "ChessBase"]
[SourceDate "2019.09.30"]
[SourceVersion "1"]
[SourceVersionDate "2019.09.30"]
[SourceQuality "1"]

1. e4 c5 2. Nc3 Nc6 3. f4 d6 4. Bc4 Nf6 5. Nf3 Bg4 6. 0-0 Nd4 7. Bb5+ Nxb5 8. Nxb5 Nxe4 9. d3 Nf6 10. Re1 a6 11. Nc3 g6 12. Ne4 Bg7 13. Nf2 Bxf3 14. Qxf3 b5 15. Ne4 0-0 16. Bd2 Nxe4 17. Qxe4 Bxb2 18. Rab1 Bf6 19. Kh1 d5 20. Qf3 e6 21. Be3 d4 22. Bf2 Bg7 23. Qc6 Qc8 24. Qb6 Rb8 25. Qa5 Qc6 26. Qd2 Rfe8 27. Bg3 f5 28. Rb3 Qd6 29. Rbb1 e5 30. Re2 Rb7 31. Rbe1 Rbe7 32. fxe5 Bxe5 33. Bxe5 Rxe5 34. Kg1 Qd5 35. a3 f4 36. Kf2 Re3 37. Kg1 Qa2 38. Rxe3 Rxe3 39. Rxe3 fxe3 40. Qc1 a5 41. Kf1 Qf7+ 42. Ke2 Qf2+ 43. Kd1 Qf1# 0-1